Авессалом, Авессалом!: роман; пер. с англ.

Bibliographic Details
Main Author: Фолкнер У. Уильям
Language:Russian
Published: Москва, Гудьял-Пресс, 1999
Series:Собрание
Subjects:
Format: Book
KOHA link:https://koha.lib.tpu.ru/cgi-bin/koha/opac-detail.pl?biblionumber=29927

MARC

LEADER 00000nam0a2200000 4500
001 29927
005 20231101205936.0
010 |a 5802600489 
035 |a (RuTPU)RU\TPU\book\30194 
035 |a BOOK00030270 
090 |a 29927 
100 |a 20011209d1999 u y0rusy50 ca 
101 1 |a rus 
102 |a RU 
105 |a  000ay 
200 1 |a Авессалом, Авессалом!  |e роман  |e пер. с англ.  |f У. Фолкнер 
210 |a Москва  |c Гудьял-Пресс  |d 1999 
215 |a 352 с. 
225 1 |a Собрание 
610 1 |a романы 
675 |a 82  |v 3 
700 1 |a Фолкнер  |b У.  |c американский писатель  |f 1897-1962  |g Уильям  |2 stltpush  |3 (RuTPU)RU\TPU\pers\17704  |9 6584 
801 0 |a RU  |b 63413507  |c 20011209  |g PSBO 
801 2 |a RU  |b 63413507  |c 20170829  |g RCR 
942 |c BK